1528 1949 1215 1947 1728 1692 1159 1204 1201 1911 1476 1435 1230 1508 1297 1622 1108 1974 1463 1268 1835 1806 1300 1387 1946 1678 1836 1355 1186 1372 1714 1309 1565 1145 1203 1218 1374 1031 1035 1176 1716 1402 1968 1618 1620 1638 1985 1155 1229 1578 1715 1470 1821 1763 1921 1837 1795 1187 1996 1916 1797 1950 1500 1331 1406 1161 1706 1209 1133 1383 1912 1690 1459 1468 1684 1070 1938 1261 1124 1166 1502 1650 1961 1734 1832 1148 1336 1449 1716 1250 1301 1880 1340 1676 1734 1995 1170 1443 1504 BCNSPRNW ULIB Ver.6.0+V

เปลี่ยนเป็นภาษาไทย

Change to English
 แสดงรายละเอียดบรรณานุกรม
  กลับหน้าหลัก

Brief Record : Get Marc (ISO 2709) : E-mail record : QR code < ปิดหน้าต่าง
LEADER : 00000nam 2200000uu 4500
001    13399110929
003     ULIB
008    110613s||||||||th 000 0 tha d
020    9749183320
050  4 AC158^bฟ399ด 2004
100    ฟิลิป สตีล
245    เด็กๆรู้ไหมทำไมชาวอียิปต์สร้างปิรามิด^cผู้แต่ง ฟิลิป สตีล
260    กรุงเทพฯ : ^bโกรเลียร์ อินเตอร์เนชั่นแนล, ^c2004
300    32 หน้า : ^bภาพประกอบสี ; ^c28 ซม.
650  7 ความรู้รอบตัว
650  7 ปิรามิด
650  7 อียิปต์
945    ^p350^l0^i029062
995    ทศพร
999 ^a ใช้งานได้ทุกระบบ
รายการนี้ยังไม่มีแท็ก
คุณยังไม่ได้ล็อกอิน คุณสามารถมีกิจกรรมร่วมกับเว็บไซต์ได้ แต่ต้องล็อกอินก่อน ::
  ล็อกอิน

รายการสื่อสารสนเทศ

ลำดับที่ ประเภท เลขเรียก/บาร์โค้ด สถานที่ สถานะ
- ไม่พบข้อมูล -

รายการใกล้เคียง
    ผู้แต่ง [ฟิลิป สตีล]

    หัวเรื่อง [ความรู้รอบตัว]

BibComment


ยังไม่เคยถูกคอมเมนท์

คอมเมนท์ทรัพยากรรายการนี้
  คอมเมนท์: เด็กๆรู้ไหมทำไมชา..


 Copyright 2026. Bcnsprnw @Library